Autokorektívne kartičky z matematiky zošit A

Bibliographic Details
Main Author: Totkovičová, Martina, 1976- (Author)
Format: Book
Language:Slovak
Published: Bratislava ABCedu 2019
Subjects:

MARC

LEADER 00000nam a2200000 4500
001 vtls011972357
003 SK-MaSNL
005 20260301103006.0
008 200608s2019 xo a b p 000 0 slo
015 |a SNBA2020/07 
020 |a 9788097331900  |q (hrebeňová väzba) 
040 |a SNK  |b slo  |c SNK  |e rda 
041 0 |a slo 
044 |a xo  |c SK 
072 7 |a 51  |x Matematika  |2 konspekt 
072 7 |a 0/9-053.2  |x Literatúra pre deti a mládež (náučná)  |2 konspekt 
080 |a 51  |2 2011 
080 |a 511.12  |2 2011 
080 |a (076.1)  |2 2011 
080 |a (0.053.2)  |2 2011 
100 1 |a Totkovičová, Martina,  |d 1976-  |4 aut  |9 69037 
245 1 0 |a Autokorektívne kartičky z matematiky  |b zošit A  |c Martina Totkovičová 
264 1 |a Bratislava  |b ABCedu  |c 2019 
300 |a 50 nečíslovaných strán  |b farebné ilustrácie  |c 21 cm 
336 |a statický obraz  |b sti  |2 rdacontent 
336 |a text  |b txt  |2 rdacontent 
337 |a bez média  |b n  |2 rdamedia 
338 |a zväzok  |b nc  |2 rdacarrier 
500 |a Názov z obalu 
500 |a Vytlačené naprieč 
500 |a Strany sa skladajú z 12 vystrihovacích kartičiek 
650 0 7 |a matematika  |x úlohy  |2 SNKPH  |9 307001 
650 0 7 |a Mathematics  |x problems, exercises, etc.  |2 SNKPHeng  |9 312183 
650 0 7 |a Addition  |2 SNKPHeng  |9 367171 
650 0 7 |a sčítanie  |2 SNKPH  |9 30906 
650 0 7 |a odčítanie  |2 SNKPH  |9 367170 
650 0 7 |a Subtraction  |2 SNKPHeng  |9 367172 
655 7 |a pracovné zošity  |2 SNKPH  |9 70188 
655 7 |a publikácie pre deti  |2 SNKPH  |9 70148 
655 7 |a Activity books  |2 SNKPHeng  |9 302885 
655 7 |a Publications for children  |2 SNKPHeng  |9 276792 
919 |a 978-80-973319-0-0 
999 |c 693821  |d 695751 
952 |a SNK  |b SNK  |y PREZ  |7 0  |p 17A1426573  |o snkOSC 29073/A  |i snk2020/9707  |8 0  |0 0  |1 0  |4 0  |d 2020-06-08  |l 0  |r 2026-02-23 20:34:51  |w 2026-02-23 
952 |a SNK  |b SNK  |y PREZ  |7 0  |p 17A1426574  |o snkOSC 29073/A D1  |i snk2020/9708  |8 0  |0 0  |1 0  |4 0  |d 2020-06-08  |l 0  |r 2026-02-23 20:34:51  |w 2026-02-23